Cité de la Grèce antique Num. 3 - Statistiques

Statistiques générales
  • Ce quiz a été pris 23 fois
  • Le résultat moyen est 5 sur 15
Statistiques - réponses
Hint Réponse % Correct
Plus grande cité d'Attique, grand centre culturel. Athènes
89%
Cité grecque sous son nom grec avant de devenir Marseille. Massalia
63%
Bataille mettant en scène Leonidas, passage géographique. Thermopyles
63%
Cité ayant fondé la précédante. Phocée
58%
Célèbre sactuaire dédié à Asklepios, immense théatre grec. Épidaure
47%
Attique, mystère religieux, rivale d'Athènes à l'époque mythique de Thésée selon Plutarque. Éleusis
42%
Alliée d'Athènes à Marathon, assiégée et rasée par Thèbes. Platée
37%
Grande cité de l'époque hellenistique, rivale d'Alexandrie, parchemin. Pergame
21%
Égée, ville natale d'Hippocrate. Cos
16%
Égée, ville natale de Sémonide. Amorgos
11%
Carie, ville natale d'Eudoxe. Cnide
11%
Chalcidiques, ville natale d'Aristote. Stagire
11%
Ville natale de Thésée, pas Athènes. Trézène
11%
Voisine de Syracuse, Sicile, ville natale de Gorgiasé Leontinoi
5%
Lesbos, seule cité restant loyale à Athènes durant la révolte de l'ile. Méthymne
5%
Aucun quiz correspondant
Distribution des résultats
% des personnes avec chaque résultat
Percentile par nombre de réponses
Votre historique - résultats
Vous n’avez pas pris ce quiz